Chelsea FC Quiz - Statistics

General Stats
  • This quiz has been taken 4,230 times
  • The average score is 9 of 15
Answer Stats
Hint Answer % Correct
Who was Chelsea's leading goalscorer in the 2011-2012 season? Frank Lampard
92%
Who is the current captain of Chelsea? John Terry
91%
How many League titles have Chelsea won? 4
83%
How many times have Chelsea won the F.A.Cup? 7
82%
Who is Chelsea's record transfer fee signing? Fernando Torres
71%
What number will Eden Hazard be in the 2012-2013 season? 17
70%
Who are the sponsors of Chelsea? Samsung
67%
Which Chelsea player missed their penalty in the Champions League Final at Munich? Juan Mata
65%
Who is the only team to beat Chelsea on both occasions in the League in the 2011-2012 season? Liverpool
52%
What player made his Champions League debut in the final at Munich? Ryan Bertrand
50%
In what position did Chelsea finish in the Barclays Premier League 2011-2012 season? 6th
38%
Who is Chelsea's all time top goalscorer? Bobby Tambling
29%
Who's ashes are laid under the penalty spot at the Shed End? Peter Osgood
25%
Who won Chelsea's Player's Player award in the 2011-2012 season? Ramires
24%
How many goals has Didier Drogba scored in his Chelsea career? 157
16%
No matching quizzes found
Score Distribution
Percent of People with Each Score
Percentile by Number Answered
Your Score History
You have not taken this quiz